| 000 | 00664nam a22001937a 4500 | ||
|---|---|---|---|
| 999 |
_c167496 _d167496 |
||
| 005 | 20190905143604.0 | ||
| 010 | _aUR-10436 | ||
| 020 |
_c50.00 _a- |
||
| 035 | _aU-8991 | ||
| 037 |
_bDBAD/PUB _a- |
||
| 082 | _a840.08 | ||
| 100 | _aعلا مہ محمد ا قبا ل | ||
| 245 |
_aشکو ہ جو ا ب شکوہ _cعلا مہ محمد ا قبا ل |
||
| 246 |
_bShikwah Jawab-e-Shikwah (Urdu) _aby Sir Mohd.Iqbal |
||
| 260 |
_aDelhi _bMaktaba Al Hasanat Books Pvt.Ltd. _c2015 ء |
||
| 270 |
_a3004/2,Sir Syed Ahmed Road Darya Ganj _bN.Delhi _e110002 _k01123271845 _l- |
||
| 300 |
_a67ص _c22 Cm(Hb) |
||
| 942 |
_2ddc _cUR _h840.8 _mا ق ب |
||